Statistiques concernant Sept continents carte quiz

Cliquez ici pour prendre le quiz!

Statistiques générales

  • Ce quiz a été pris 630 fois
  • Le résultat moyen est 7 sur 7

Réponses sur la Carte

Les réponses sont colorées sur une échelle allant du rouge au vert en fonction du pourcentage des utilisateurs qui les ont devinées à leur premier essai. Vous pouvez retrouver ces pourcentages ci-dessous.
 

Statistiques - réponses

Réponse% Correct
Afrique
95%
Amérique du Sud
95%
Asie
95%
Amérique du Nord
94%
Europe
94%
Antarctique (Antarctide)
93%
Australie (Océanie)
93%

Distribution des résultats

Percentile par nombre de réponses

% des personnes avec chaque résultat

Votre développement - résultats

Vous n’avez pas pris ce quiz